[Event "Silkway Cup"]
[Site "T#646345FIDE"]
[Date "2020.05.28"]
[Round "8"]
[White "Ati1517"]
[Black "Nara_Kh"]
[Result "0-1"]
[WhiteElo "1565"]
[BlackElo "1599"]
[Annotator "NA"]
[PlyCount "116"]
[EventDate "2020.05.28"]
[EventType "swiss (blitz)"]

1. d4 {[%emt 0:00:03]} g6 {[%emt 0:00:06]} 2. e4 {[%emt 0:00:05]} Bg7 {[%emt 0:00:04]} 3. Nf3 {[%emt 0:00:03]} d6 {[%emt 0:00:01]} 4. Bc4 {[%emt 0:00:02]} Nf6 {[%emt 0:00:06]} 5. Qe2 {[%emt 0:00:12]} O-O {[%emt 0:00:05]} 6. O-O {[%emt 0:00:03]} c6 {[%emt 0:00:06]} 7. e5 {[%emt 0:00:07]} Nd5 {[%emt 0:00:28]} 8. Re1 {[%emt 0:00:25]} dxe5 {[%emt 0:00:27]} 9. dxe5 {[%emt 0:00:10]} Bg4 {[%emt 0:00:07]} 10. h3 {[%emt 0:00:02]} Bxf3 {[%emt 0:00:02]} 11. Qxf3 {[%emt 0:00:01]} e6 {[%emt 0:00:11]} 12. Nd2 {[%emt 0:00:10]} Nd7 {[%emt 0:00:03]} 13. Qg3 {[%emt 0:00:04]} b5 {[%emt 0:00:16]} 14. Bb3 {[%emt 0:00:02]} Nc5 {[%emt 0:00:29]} 15. Bxd5 {[%emt 0:00:11]} cxd5 {[%emt 0:00:07]} 16. Nf3 {[%emt 0:00:03]} Ne4 {[%emt 0:00:02]} 17. Qg4 {[%emt 0:00:07]} b4 {[%emt 0:00:10]} 18. Ng5 {[%emt 0:00:08]} Nxg5 {[%emt 0:00:14]} 19. Bxg5 {[%emt 0:00:02]} Qc7 {[%emt 0:00:02]} 20. Qxb4 {[%emt 0:00:16]} Bxe5 {[%emt 0:00:02]} 21. c3 {[%emt 0:00:06]} Bg7 {[%emt 0:00:02]} 22. Rab1 {[%emt 0:00:06]} Rab8 {[%emt 0:00:02]} 23. Qa4 {[%emt 0:00:06]} Rfc8 {[%emt 0:00:04]} 24. Be3 {[%emt 0:00:06]} Rb7 {[%emt 0:00:12]} 25. Qc2 {[%emt 0:00:18]} a5 {[%emt 0:00:02]} 26. Qd2 {[%emt 0:00:17]} a4 {[%emt 0:00:03]} 27. Bf4 {[%emt 0:00:02]} Qc4 {[%emt 0:00:02]} 28. a3 {[%emt 0:00:02]} Rd7 {[%emt 0:00:05]} 29. Bh6 {[%emt 0:00:04]} d4 {[%emt 0:00:03]} 30. Bxg7 {[%emt 0:00:03]} Kxg7 {[%emt 0:00:01]} 31. cxd4 {[%emt 0:00:02]} Rxd4 {[%emt 0:00:02]} 32. Qe3 {[%emt 0:00:01]} Qd5 {[%emt 0:00:05]} 33. Qg3 {[%emt 0:00:10]} Rd2 {[%emt 0:00:05]} 34. Qf4 {[%emt 0:00:02]} Rcc2 {[%emt 0:00:03]} 35. Rf1 {[%emt 0:00:05]} Qf5 {[%emt 0:00:03]} 36. Qxa4 {[%emt 0:00:03]} Rxf2 {[%emt 0:00:05]} 37. Qd4+ {[%emt 0:00:02]} Qf6 {[%emt 0:00:02]} 38. Qxf2 {[%emt 0:00:02]} Rxf2 {[%emt 0:00:02]} 39. Rxf2 {[%emt 0:00:01]} Qd4 {[%emt 0:00:00]} 40. Rbf1 {[%emt 0:00:01]} f5 {[%emt 0:00:02]} 41. Kh1 {[%emt 0:00:01]} e5 {[%emt 0:00:01]} 42. b3 {[%emt 0:00:01]} e4 {[%emt 0:00:01]} 43. a4 {[%emt 0:00:02]} Qd3 {[%emt 0:00:01]} 44. a5 {[%emt 0:00:05]} e3 {[%emt 0:00:05]} 45. Rf3 {[%emt 0:00:01]} e2 {[%emt 0:00:01]} 46. Rg1 {[%emt 0:00:06]} Qd2 {[%emt 0:00:02]} 47. Rf2 {[%emt 0:00:01]} e1=Q {[%emt 0:00:01]} 48. Rxd2 {[%emt 0:00:01]} Qxd2 {[%emt 0:00:01]} 49. a6 {[%emt 0:00:01]} Qa5 {[%emt 0:00:01]} 50. g4 {[%emt 0:00:03]} f4 {[%emt 0:00:02]} 51. Rf1 {[%emt 0:00:01]} g5 {[%emt 0:00:01]} 52. Kg2 {[%emt 0:00:01]} Qxa6 {[%emt 0:00:01]} 53. h4 {[%emt 0:00:01]} Qc6+ {[%emt 0:00:01]} 54. Kf2 {[%emt 0:00:02]} Qc2+ {[%emt 0:00:01]} 55. Kf3 {[%emt 0:00:01]} Qd3+ {[%emt 0:00:01]} 56. Kf2 {[%emt 0:00:01]} Qe3+ {[%emt 0:00:01]} 57. Kg2 {[%emt 0:00:01]} Qg3+ {[%emt 0:00:01]} 58. Kh1 {[%emt 0:00:01]} Qxh4+ {[%emt 0:00:01]} 0-1

[Event "Silkway Cup"]
[Site "T#646345FIDE"]
[Date "2020.05.28"]
[Round "9"]
[White "GGuseinov"]
[Black "Lukiano"]
[Result "0-1"]
[WhiteElo "2900"]
[BlackElo "2654"]
[Annotator "TA"]
[PlyCount "100"]
[EventDate "2020.05.28"]
[EventType "swiss (blitz)"]

{[%evp 15,100,72,51,13,4,22,16,0,17,0,3,-17,19,10,11,0,11,0,11,12,25,0,15,0,17,9,26,7,93,81,82,-51,-49,-202,-196,-185,-191,-197,-193,-309,-308,-389,-410,-392,-359,-405,-400,-497,-490,-639,-639,-639,-639,-720,-676,-881,-875,-12848,-12849,-12850,-12851,-29938,-12735,-11227,-11327,-29949,-29948,-12851,-12846,-29956,-29957,-29938,-12768,-29981,-29982,-29982,-29983,-29983,-29984,-29984,-29985,-29985,-29986,-29986,-29987,-29991,-29992]} 1. e4 c6 2. d4 d5 3. Nd2 g6 4. Ngf3 Bg7 5. c3 Nh6 6. Bd3 O-O 7. O-O f6 8. Re1 Nf7 9. Qe2 {B12: Caro-Kann: Advance Variation.} e5 10. dxe5 fxe5 11. h3 {The position is equal.} Be6 12. Nf1 Nd7 13. Ng3 {[#]} Nc5 $146 ({Predecessor:} 13... d4 14. Rd1 c5 15. Bc4 Qe7 16. Bd5 Rab8 17. a4 h6 18. b4 Bxd5 19. exd5 Rfe8 20. bxc5 Qxc5 21. cxd4 exd4 {½-½ (37) Firouzja,A (2277)-Paichadze,L (2566) Poti 2015}) 14. Bc2 a5 15. b3 Re8 16. Ba3 b6 17. Rad1 Qc7 18. h4 Rad8 19. h5 Bg4 $1 20. hxg6 hxg6 21. exd5 e4 (21... cxd5 $11 {remains equal.} 22. Bxg6 e4) 22. Bxc5 $16 bxc5 23. dxc6 (23. d6 $16 Rxd6 24. Qc4 (24. Nxe4 Rde6 $14)) 23... exf3 $15 {[%mdl 64] Discovered Attack} 24. Qxe8+ $2 {Loses the game.} (24. Qc4 $1 $15 Rxd1 25. Rxd1) 24... Rxe8 $19 25. Rxe8+ Bf8 {...fxg2 is the strong threat.} 26. Be4 fxg2 27. Re1 (27. Rd3 {was called for.}) 27... Ng5 28. Bd5+ Kg7 {Threatens to win with ...Nh3+.} 29. Kxg2 Qf4 {And now ...Bh3+ would win.} 30. R1e3 {[#] and the idea c4 leaves White hopeful.} c4 $1 {[%mdl 512]} 31. bxc4 Bc5 32. c7 Bxe3 33. Rxe3 Qxc7 34. Nf1 Qf4 35. Nh2 {[#]} Bh3+ $1 36. Rxh3 Nxh3 37. Kxh3 Qxf2 38. a4 Qe3+ (38... Qe1 $142 39. Nf3 Qxc3 40. Kg3 Qc2 41. Nd4 Qxa4 42. Kf4 Kf6 43. Ke3 Qb4 44. Kd3 a4 45. Nb5 a3 46. Nc3 {[#]} a2 $1 {[%mdl 576] Deflection, Decoy} 47. Nxa2 Qb1+ {[%mdl 64] Double Attack} 48. Ke3 Qxa2 49. Bg8 g5 50. Kf3 g4+ 51. Kf4 Qf2+ 52. Kxg4 Qg2+ 53. Kf4 Qxg8 54. Ke3 Qxc4 55. Kf3 Kf5 56. Ke3 Kg4 57. Kf2 Qe4 58. Kg1 Qc2 59. Kh1 Kh3 60. Kg1 Qg2#) 39. Nf3 Qxc3 40. Kg4 Qb4 41. Kf4 Qxa4 42. Nd4 Qa1 43. Ke4 Kf6 44. c5 Qh1+ {Black mates.} 45. Nf3 g5 46. Kd4 Qd1+ 47. Kc4 g4 48. Nd4 Qa4+ 49. Kd3 {[#]} Ke5 $1 {[%mdl 64] Double Attack} 50. Bc4 Qd1+ {Accuracy: White = 50%, Black = 86%.} 0-1

[Event "Silkway Cup"]
[Site "T#646345FIDE"]
[Date "2020.05.28"]
[Round "9"]
[White "Kutiktau"]
[Black "Kranke07"]
[Result "1-0"]
[WhiteElo "2707"]
[BlackElo "2062"]
[Annotator "NA"]
[PlyCount "49"]
[EventDate "2020.05.28"]
[EventType "swiss (blitz)"]

1. Nf3 {[%emt 0:00:03]} Nf6 {[%emt 0:00:03]} 2. g3 {[%emt 0:00:01]} g6 {[%emt 0:00:02]} 3. b3 {[%emt 0:00:01]} Bg7 {[%emt 0:00:01]} 4. Bb2 {[%emt 0:00:00]} O-O {[%emt 0:00:01]} 5. Bg2 {[%emt 0:00:01]} d5 {[%emt 0:00:01]} 6. c4 {[%emt 0:00:01]} c6 {[%emt 0:00:07]} 7. d3 {[%emt 0:00:01]} Re8 {[%emt 0:00:02]} 8. O-O {[%emt 0:00:03]} Nbd7 {[%emt 0:00:04]} 9. Nbd2 {[%emt 0:00:01]} e5 {[%emt 0:00:02]} 10. cxd5 {[%emt 0:00:01]} cxd5 {[%emt 0:00:00]} 11. e4 {[%emt 0:00:01]} d4 {[%emt 0:00:42]} 12. Nc4 {[%emt 0:00:01]} Bf8 {[%emt 0:00:04]} 13. a4 {[%emt 0:00:00]} b6 {[%emt 0:00:09]} 14. Nxd4 {[%emt 0:00:01]} exd4 {[%emt 0:00:06]} 15. e5 {[%emt 0:00:01]} Rb8 {[%emt 0:00:01]} 16. exf6 {[%emt 0:00:02]} Nxf6 {[%emt 0:00:01]} 17. Rc1 {[%emt 0:00:16]} Bf5 {[%emt 0:00:11]} 18. Re1 {[%emt 0:00:15]} Rxe1+ {[%emt 0:00:12]} 19. Qxe1 {[%emt 0:00:00]} Bxd3 {[%emt 0:00:01]} 20. Ne5 {[%emt 0:00:02]} Bf5 {[%emt 0:00:43]} 21. Nc6 {[%emt 0:00:01]} Qd6 {[%emt 0:00:09]} 22. Nxb8 {[%emt 0:00:03]} d3 {[%emt 0:00:01]} 23. Qe5 {[%emt 0:00:11]} Qxe5 {[%emt 0:00:45]} 24. Bxe5 {[%emt 0:00:00]} d2 {[%emt 0:00:00]} 25. Rd1 {[%emt 0:00:03] Kranke07 resigns (Lag: Av=0.49s, max=1.0s)} 1-0

[Event "Silkway Cup"]
[Site "T#646345FIDE"]
[Date "2020.05.28"]
[Round "9"]
[White "Eltaj Safarli"]
[Black "KTsa"]
[Result "1-0"]
[WhiteElo "2679"]
[BlackElo "1726"]
[Annotator "TA"]
[PlyCount "71"]
[EventDate "2020.05.28"]
[EventType "swiss (blitz)"]

{[%evp 9,70,25,29,20,21,23,27,38,49,51,107,110,96,62,66,51,66,55,129,127,104,102,110,113,119,115,116,109,100,107,187,181,220,177,214,197,198,194,241,245,314,283,525,506,710,660,725,718,855,856,801,819,964,709,1110,1110,997,892,1664,1645,6421,6503,29999]} 1. e4 c5 2. Nc3 d6 3. Bb5+ Bd7 4. Bxd7+ Qxd7 5. d4 cxd4 6. Qxd4 {B23: Closed Sicilian: Lines without g3.} Nc6 7. Qd3 Nf6 8. Bg5 {[#] White has an edge.} a6 $146 ({Predecessor:} 8... e6 9. Bxf6 gxf6 10. O-O-O a6 11. f4 O-O-O 12. Nge2 Kb8 13. Qh3 h5 14. Rhf1 b5 {1-0 (29) Safarli,E (2681)-Hakobyan,A (2545) Moscow 2019}) 9. O-O-O h6 (9... e6 $14) 10. Bxf6 $1 $16 gxf6 11. f4 e6 12. Nge2 h5 13. Kb1 b5 {White leaves nothing to chance now.} (13... O-O-O $14) 14. Rhf1 Rc8 15. Qh3 b4 16. Na4 {Strongly threatening Nb6.} Qc7 17. f5 e5 18. c4 Na5 19. b3 Nb7 (19... Qc6 $16) 20. Rd5 $18 Be7 21. Rfd1 Qc6 22. Ng3 h4 23. Nf1 Bf8 24. Ne3 Bh6 25. Nc2 Ke7 $2 (25... a5 {was necessary.} 26. Qxh4 Ke7) 26. Nxb4 Qc7 27. R5d3 {[#] Threatens to win with Nd5+.} Kf8 28. Nd5 Qc6 29. Qxh4 Bg7 30. Qg4 Nc5 31. Nxc5 Qxc5 32. Rg3 Rh7 33. Rh3 Rxh3 34. gxh3 Rb8 35. Rg1 Bh6 36. Qg8# {Accuracy: White = 92%, Black = 34%.} 1-0

[Event "Silkway Cup"]
[Site "T#646345FIDE"]
[Date "2020.05.28"]
[Round "9"]
[White "EXpresident"]
[Black "Mammadzada"]
[Result "1-0"]
[WhiteElo "2626"]
[BlackElo "1884"]
[Annotator "TA"]
[PlyCount "81"]
[EventDate "2020.05.28"]
[EventType "swiss (blitz)"]

{[%evp 12,80,21,12,10,0,9,0,16,15,42,16,14,0,17,12,20,19,16,8,8,-22,65,22,17,-364,-304,-313,-304,-435,-370,-429,-404,-556,-549,-525,-490,-558,-422,-591,-543,-588,-603,-576,-378,-462,-343,-381,-268,-288,-290,-347,-172,-187,0,-294,-272,-384,-408,-375,347,351,341,312,2774,2392,29998,2301,29998,29999,29999]} 1. e4 c5 2. Nf3 d6 3. d4 cxd4 4. Nxd4 Nf6 5. Nc3 a6 6. h3 Nc6 7. Be3 e5 {B90: Sicilian Najdorf: Unusual White 6th moves, 6 Be3 Ng4 and 6 Be3 e5.} 8. Nb3 Be6 9. Qd2 $5 {[%mdl 4] A promising side line.} Be7 {[#] The position is equal.} 10. O-O-O $146 ({Predecessor:} 10. g4 O-O 11. O-O-O a5 12. g5 Ne8 13. Na4 Nb4 14. Kb1 d5 15. Bb6 Qd7 16. Nac5 {1-0 (49) Goumas,G (2371)-Milonakis,G (2151) Anogia 2014}) 10... b5 11. f3 Na5 12. Qf2 {[#] Nxa5 is the strong threat.} Nxb3+ 13. axb3 O-O 14. g4 b4 15. Na4 $1 Qc7 16. Nb6 Rab8 ({Black should play} 16... Bxb3 $11 17. Nxa8 Rxa8) 17. Bc4 ({Much weaker is} 17. Bxa6 Bxb3 18. g5 Nh5 $17) (17. g5 $5 {[%cal Rg5f6]} Nd7 18. Nd5 Bxd5 19. Rxd5 $14) 17... a5 18. Qe2 $2 {[%mdl 8192]} (18. g5 $11 {and White has nothing to worry.} Nd7 19. Nd5 Bxd5 20. Bxd5 (20. Rxd5 a4 $11)) 18... Rxb6 $19 19. Bxb6 Qxb6 20. h4 (20. Bxe6 $142 fxe6 21. Qc4) 20... Nd7 21. g5 Nc5 22. Rdg1 a4 23. bxa4 b3 24. g6 bxc2 25. Qxc2 (25. gxf7+ {is a better defense.} Kxf7 26. Qxc2) 25... hxg6 {And now ...Rc8 would win.} 26. Kb1 Bxc4 27. Qxc4 Ne6 28. h5 g5 29. h6 g6 30. h7+ Kh8 31. Rg2 Nf4 (31... Qe3 $142 32. Rf1 Kxh7) 32. Rc2 Ne6 $2 ({Better is} 32... Bd8 $19 {aiming for ...f5.} 33. b4 Ne6) 33. Rhc1 $2 {[%mdl 8192]} (33. Rg2 $1 $11 Nd4 34. Rc1) 33... Nc5 34. Qd5 (34. Rh2 $142) 34... Nxa4 35. Qc6 Qb8 $4 {[%mdl 8192]} (35... Qd4 $19 {avoids the disaster.} 36. Qc4 Qxc4 37. Rxc4 Nc5) 36. Qxa4 $18 Kxh7 {[#]} 37. Qd7 $1 {[%cal Rd7e7]} Bf6 $2 (37... Qe8 38. Rc7 Qxd7 39. Rxd7 Bf6) 38. Rc8 Rxc8 39. Rxc8 (39. Qxf7+ $142 Bg7 40. Rh1#) 39... Qb4 40. Qh3+ Kg7 41. Qh8# {Never resign too early! Accuracy: White = 46%, Black = 46%.} 1-0

[Event "Silkway Cup"]
[Site "T#646345FIDE"]
[Date "2020.05.28"]
[Round "9"]
[White "AbasovN"]
[Black "Shak"]
[Result "1/2-1/2"]
[WhiteElo "2594"]
[BlackElo "2189"]
[PlyCount "36"]
[EventDate "2020.05.28"]
[EventType "swiss (blitz)"]

1. e4 {[%emt 0:00:02]} e5 {[%emt 0:00:02]} 2. Nf3 {[%emt 0:00:01]} Nc6 {[%emt 0:00:02]} 3. Bb5 {[%emt 0:00:04]} g6 {[%emt 0:00:05]} 4. c3 {[%emt 0:00:06]} a6 {[%emt 0:00:05]} 5. Bxc6 {[%emt 0:00:03]} dxc6 {[%emt 0:00:00]} 6. d4 {[%emt 0:00:01]} exd4 {[%emt 0:00:01]} 7. cxd4 {[%emt 0:00:00]} Bg7 {[%emt 0:00:01]} 8. Nc3 {[%emt 0:00:03]} Ne7 {[%emt 0:00:02]} 9. h3 {[%emt 0:00:06]} O-O {[%emt 0:00:06]} 10. Bf4 {[%emt 0:00:00]} h6 {[%emt 0:00:01]} 11. Be5 {[%emt 0:00:01]} f6 {[%emt 0:00:03]} 12. Bg3 {[%emt 0:00:04]} f5 {[%emt 0:00:03]} 13. Be5 {[%emt 0:00:05]} Bxe5 {[%emt 0:00:21]} 14. Nxe5 {[%emt 0:00:02]} Qd6 {[%emt 0:00:02]} 15. O-O {[%emt 0:00:40]} c5 {[%emt 0:00:02]} 16. Qb3+ {[%emt 0:00:01]} Be6 {[%emt 0:00:04]} 17. d5 {[%emt 0:00:00]} Qxe5 {[%emt 0:00:13]} 18. dxe6 {[%emt 0:00:01]} b5 {[%emt 0:00:27] Shak offers a draw (Lag: Av=0.99s, max=3.4s)} 1/2-1/2

[Event "Silkway Cup"]
[Site "T#646345FIDE"]
[Date "2020.05.28"]
[Round "9"]
[White "Massapi"]
[Black "HasanzadeT"]
[Result "1-0"]
[WhiteElo "2545"]
[BlackElo "1893"]
[PlyCount "67"]
[EventDate "2020.05.28"]
[EventType "swiss (blitz)"]

1. d4 {[%emt 0:00:03]} Nf6 {[%emt 0:00:02]} 2. c4 {[%emt 0:00:01]} g6 {[%emt 0:00:02]} 3. g3 {[%emt 0:00:01]} Bg7 {[%emt 0:00:03]} 4. Bg2 {[%emt 0:00:01]} d5 {[%emt 0:00:01]} 5. cxd5 {[%emt 0:00:02]} Nxd5 {[%emt 0:00:00]} 6. Nf3 {[%emt 0:00:01]} O-O {[%emt 0:00:03]} 7. O-O {[%emt 0:00:01]} Nb6 {[%emt 0:00:05]} 8. Nc3 {[%emt 0:00:02]} Nc6 {[%emt 0:00:02]} 9. e3 {[%emt 0:00:01]} Re8 {[%emt 0:00:01]} 10. a3 {[%emt 0:00:07]} e5 {[%emt 0:00:03]} 11. d5 {[%emt 0:00:01]} Na5 {[%emt 0:00:03]} 12. Qc2 {[%emt 0:00:21]} Bd7 {[%emt 0:00:22]} 13. Rd1 {[%emt 0:00:13]} Qc8 {[%emt 0:00:07]} 14. e4 {[%emt 0:00:19]} Nac4 {[%emt 0:00:29]} 15. b3 {[%emt 0:00:11]} Nd6 {[%emt 0:00:02]} 16. a4 {[%emt 0:00:01]} a5 {[%emt 0:00:10]} 17. Be3 {[%emt 0:00:07]} Bh3 {[%emt 0:00:13]} 18. Rac1 {[%emt 0:00:28]} Qg4 {[%emt 0:00:32]} 19. Bxh3 {[%emt 0:00:39]} Qxh3 {[%emt 0:00:08]} 20. Nb5 {[%emt 0:00:01]} Nxb5 {[%emt 0:01:00]} 21. axb5 {[%emt 0:00:00]} Rac8 {[%emt 0:00:01]} 22. Qa2 {[%emt 0:00:30]} Bf8 {[%emt 0:00:11]} 23. Qxa5 {[%emt 0:00:14]} Qg4 {[%emt 0:00:01]} 24. Nd2 {[%emt 0:00:03]} f5 {[%emt 0:00:01]} 25. Bxb6 {[%emt 0:00:08]} cxb6 {[%emt 0:00:02]} 26. Qxb6 {[%emt 0:00:01]} fxe4 {[%emt 0:00:02]} 27. Nf1 {[%emt 0:00:03]} Qf3 {[%emt 0:00:02]} 28. Rxc8 {[%emt 0:00:03]} Rxc8 {[%emt 0:00:02]} 29. Qe6+ {[%emt 0:00:01]} Kg7 {[%emt 0:00:01]} 30. Qxe5+ {[%emt 0:00:02]} Kh6 {[%emt 0:00:02]} 31. Ne3 {[%emt 0:00:02]} Bg7 {[%emt 0:00:03]} 32. Qe6 {[%emt 0:00:04]} Rc3 {[%emt 0:00:02]} 33. Qh3+ {[%emt 0:00:01]} Kg5 {[%emt 0:00:02]} 34. Qh4# {[%emt 0:00:01] (Lag: Av=0.53s, max=1.0s) Mate} 1-0

[Event "Silkway Cup"]
[Site "T#646345FIDE"]
[Date "2020.05.28"]
[Round "9"]
[White "muradli mahammad"]
[Black "Durarbeyli Vasif"]
[Result "0-1"]
[WhiteElo "2470"]
[BlackElo "2704"]
[PlyCount "108"]
[EventDate "2020.05.28"]
[EventType "swiss (blitz)"]

1. d4 {[%emt 0:00:03]} Nf6 {[%emt 0:00:02]} 2. c4 {[%emt 0:00:01]} e6 {[%emt 0:00:03]} 3. Nf3 {[%emt 0:00:01]} b6 {[%emt 0:00:01]} 4. g3 {[%emt 0:00:01]} Bb7 {[%emt 0:00:00]} 5. Bg2 {[%emt 0:00:01]} Bb4+ {[%emt 0:00:01]} 6. Bd2 {[%emt 0:00:01]} a5 {[%emt 0:00:01]} 7. O-O {[%emt 0:00:05]} O-O {[%emt 0:00:01]} 8. Nc3 {[%emt 0:00:18]} d6 {[%emt 0:00:05]} 9. b3 {[%emt 0:00:10]} Nbd7 {[%emt 0:00:03]} 10. Qc2 {[%emt 0:00:04]} Qe7 {[%emt 0:00:07]} 11. Rfe1 {[%emt 0:00:07]} Bxc3 {[%emt 0:00:02]} 12. Bxc3 {[%emt 0:00:01]} Be4 {[%emt 0:00:01]} 13. Qc1 {[%emt 0:00:22]} Rfe8 {[%emt 0:00:03]} 14. Bf1 {[%emt 0:00:05]} h6 {[%emt 0:00:03]} 15. Nd2 {[%emt 0:00:01]} Bh7 {[%emt 0:00:05]} 16. e4 {[%emt 0:00:02]} e5 {[%emt 0:00:01]} 17. Bg2 {[%emt 0:00:03]} Rad8 {[%emt 0:00:17]} 18. Qb2 {[%emt 0:00:04]} exd4 {[%emt 0:00:05]} 19. Bxd4 {[%emt 0:00:00]} Ne5 {[%emt 0:00:00]} 20. Qc3 {[%emt 0:00:11] muradli mahammad reconnected.} Nc6 {[%emt 0:00:22] muradli mahammad reconnected.} 21. Rad1 {[%emt 0:01:10] muradli mahammad reconnected.} Nxd4 {[%emt 0:00:14]} 22. Qxd4 {[%emt 0:00:02]} Qe5 {[%emt 0:00:00]} 23. Qd3 {[%emt 0:00:14]} Qb2 {[%emt 0:00:07]} 24. Nb1 {[%emt 0:00:08]} Qxa2 {[%emt 0:00:39]} 25. Re2 {[%emt 0:00:05]} Qa1 {[%emt 0:00:01]} 26. f4 {[%emt 0:00:12]} Nd7 {[%emt 0:00:05]} 27. Nc3 {[%emt 0:00:17]} Qa3 {[%emt 0:00:13]} 28. Nd5 {[%emt 0:00:01]} Nc5 {[%emt 0:00:10]} 29. Qc3 {[%emt 0:00:08]} Nxe4 {[%emt 0:00:10]} 30. Bxe4 {[%emt 0:00:02]} Rxe4 {[%emt 0:00:00]} 31. Rde1 {[%emt 0:00:02]} Qc5+ {[%emt 0:00:04]} 32. Kg2 {[%emt 0:00:01]} Rde8 {[%emt 0:00:07]} 33. Qf3 {[%emt 0:00:02]} Qd4 {[%emt 0:00:24]} 34. Nc3 {[%emt 0:00:03]} Rxe2+ {[%emt 0:00:08]} 35. Rxe2 {[%emt 0:00:00]} Rxe2+ {[%emt 0:00:03]} 36. Qxe2 {[%emt 0:00:00]} Bg6 {[%emt 0:00:05]} 37. Qf3 {[%emt 0:00:03]} c6 {[%emt 0:00:03]} 38. f5 {[%emt 0:00:03]} Qd2+ {[%emt 0:00:07]} 39. Kh3 {[%emt 0:00:03]} Bxf5+ {[%emt 0:00:04]} 40. Qxf5 {[%emt 0:00:00]} Qxc3 {[%emt 0:00:01]} 41. Qc8+ {[%emt 0:00:01]} Kh7 {[%emt 0:00:00]} 42. Qf5+ {[%emt 0:00:00]} g6 {[%emt 0:00:00]} 43. Qxf7+ {[%emt 0:00:00]} Qg7 {[%emt 0:00:01]} 44. Qe6 {[%emt 0:00:00]} Qc7 {[%emt 0:00:01]} 45. Kg2 {[%emt 0:00:01]} b5 {[%emt 0:00:01]} 46. cxb5 {[%emt 0:00:09]} cxb5 {[%emt 0:00:00]} 47. Qe4 {[%emt 0:00:01]} Qa7 {[%emt 0:00:06]} 48. h4 {[%emt 0:00:04]} h5 {[%emt 0:00:01]} 49. g4 {[%emt 0:00:02]} hxg4 {[%emt 0:00:01]} 50. h5 {[%emt 0:00:02]} Qf7 {[%emt 0:00:01]} 51. hxg6+ {[%emt 0:00:01]} Qxg6 {[%emt 0:00:00]} 52. Qb7+ {[%emt 0:00:00]} Kh6 {[%emt 0:00:01]} 53. Qxb5 {[%emt 0:00:01]} Qe4+ {[%emt 0:00:06]} 54. Kh2 {[%emt 0:00:06]} Qe5+ {[%emt 0:00:01] muradli mahammad resigns (Lag: Av=0.51s, max=0.7s)} 0-1

[Event "Silkway Cup"]
[Site "T#646345FIDE"]
[Date "2020.05.28"]
[Round "9"]
[White "Belusi"]
[Black "Powerstrong"]
[Result "1-0"]
[WhiteElo "2383"]
[BlackElo "1777"]
[PlyCount "55"]
[EventDate "2020.05.28"]
[EventType "swiss (blitz)"]

1. d4 {[%emt 0:00:03]} Nf6 {[%emt 0:00:02]} 2. c4 {[%emt 0:00:01]} g6 {[%emt 0:00:01]} 3. Nc3 {[%emt 0:00:02]} Bg7 {[%emt 0:00:03]} 4. e4 {[%emt 0:00:01]} d6 {[%emt 0:00:01]} 5. Nf3 {[%emt 0:00:01]} O-O {[%emt 0:00:02]} 6. h3 {[%emt 0:00:01]} e5 {[%emt 0:00:09]} 7. d5 {[%emt 0:00:02]} a6 {[%emt 0:00:22]} 8. Be3 {[%emt 0:00:08]} Nbd7 {[%emt 0:00:03]} 9. Qc2 {[%emt 0:00:09]} c5 {[%emt 0:00:07]} 10. Bd3 {[%emt 0:00:22]} Rb8 {[%emt 0:00:30]} 11. a3 {[%emt 0:00:08]} Ne8 {[%emt 0:00:40]} 12. O-O {[%emt 0:00:05]} Nc7 {[%emt 0:00:01]} 13. b4 {[%emt 0:00:02]} b5 {[%emt 0:00:11]} 14. Nd2 {[%emt 0:00:05]} Qe7 {[%emt 0:00:47]} 15. Rab1 {[%emt 0:00:09]} bxc4 {[%emt 0:00:26]} 16. Nxc4 {[%emt 0:00:02]} Nb6 {[%emt 0:00:02]} 17. Na5 {[%emt 0:00:03]} Bd7 {[%emt 0:00:02]} 18. bxc5 {[%emt 0:00:06]} dxc5 {[%emt 0:00:00]} 19. Rfd1 {[%emt 0:00:07]} Ne8 {[%emt 0:00:06]} 20. Rb2 {[%emt 0:00:13]} f5 {[%emt 0:00:01]} 21. Rdb1 {[%emt 0:00:03]} Rf6 {[%emt 0:00:01]} 22. Bg5 {[%emt 0:00:02]} c4 {[%emt 0:00:05]} 23. Nxc4 {[%emt 0:00:04]} Nxc4 {[%emt 0:00:02]} 24. Rxb8 {[%emt 0:00:04]} Nxa3 {[%emt 0:00:01]} 25. Bxf6 {[%emt 0:00:04]} Bxf6 {[%emt 0:00:03]} 26. Qb3 {[%emt 0:00:02]} Nxb1 {[%emt 0:00:01]} 27. d6+ {[%emt 0:00:02]} Qf7 {[%emt 0:00:02]} 28. Bc4 {[%emt 0:00:01] Âðåìÿ (Lag: Av=0.65s, max=1.6s) '} 1-0